[Event "Thanksgiving op"]
[Site "Winnipeg CAN"]
[Date "2004.10.16"]
[Round "2"]
[White "Liebzeit, Mick"]
[Black "Clory, Ron"]
[Result "1-0"]
[WhiteElo "1353"]
[BlackElo "1626"]
[PlyCount "91"]
[GameId "2160767911060961"]
[EventDate "2004.10.15"]
[EventType "swiss"]
[EventRounds "5"]
[EventCountry "CAN"]
[SourceTitle "EXT 2006"]
[Source "ChessBase"]
[SourceDate "2005.11.24"]
[SourceVersion "1"]
[SourceVersionDate "2005.11.24"]
[SourceQuality "1"]

1. e4 d6 2. d4 g6 3. Bc4 Nf6 4. Nc3 Bg7 5. Nge2 c6 6. O-O O-O 7. Be3 b5 8. Bd3 Nbd7 9. h3 Bb7 10. f4 e5 11. f5 exd4 12. Nxd4 Ne5 13. a3 Nxd3 14. cxd3 a5 15. g4 Nd7 16. Qd2 Ne5 17. Nf3 Nxf3+ 18. Rxf3 b4 19. Ne2 c5 20. Bh6 Bxh6 21. Qxh6 Qf6 22. Raf1 Qg7 23. Qf4 Qe5 24. Qh6 Qg7 25. Qh4 g5 26. Qg3 Qe5 27. Qe1 f6 28. h4 h6 29. R1f2 Kg7 30. Ng3 Qd4 31. Nh5+ Kf7 32. Qd1 Bxe4 33. Qa4 Ra7 34. dxe4 Qxe4 35. Rg3 Rd8 36. hxg5 hxg5 37. Kh2 Qd4 38. Qc2 c4 39. Rd2 Qc5 40. Qd1 Re7 41. axb4 axb4 42. Rgg2 d5 43. Rge2 Rxe2+ 44. Rxe2 Rd6 45. Qa4 Qb6 46. Qe8# 1-0

[Event "Thanksgiving op"]
[Site "Winnipeg CAN"]
[Date "2004.10.16"]
[Round "2"]
[White "Nikouline, Alexandre"]
[Black "Zhou, Lu"]
[Result "1-0"]
[WhiteElo "2000"]
[BlackElo "1807"]
[PlyCount "79"]
[GameId "2160767911060962"]
[EventDate "2004.10.15"]
[EventType "swiss"]
[EventRounds "5"]
[EventCountry "CAN"]
[SourceTitle "EXT 2006"]
[Source "ChessBase"]
[SourceDate "2005.11.24"]
[SourceVersion "1"]
[SourceVersionDate "2005.11.24"]
[SourceQuality "1"]

1. e4 e5 2. Nf3 Nc6 3. Bb5 a6 4. Ba4 Nf6 5. O-O Be7 6. Re1 b5 7. Bb3 O-O 8. a4 Bb7 9. d3 d6 10. Nbd2 Na5 11. Ba2 c5 12. Bb1 Re8 13. c3 Qc7 14. Nf1 Bf8 15. Bg5 Re6 16. axb5 axb5 17. b4 cxb4 18. cxb4 Nc6 19. Rxa8 Bxa8 20. Ba2 Re8 21. Qb3 Nh5 22. Rc1 Qd7 23. Bd2 h6 24. Qd1 Nf4 25. Bxf4 exf4 26. Qd2 g5 27. Bd5 Ne5 28. Bxa8 Nxf3+ 29. gxf3 Rxa8 30. Kg2 d5 31. h3 d4 32. Nh2 Ra4 33. Ng4 Bxb4 34. Qxb4 Rxb4 35. Nf6+ Kg7 36. Nxd7 Rb3 37. Ne5 Rc3 38. Rb1 f6 39. Nd7 Rxd3 40. Rxb5 1-0

[Event "Thanksgiving op"]
[Site "Winnipeg CAN"]
[Date "2004.10.16"]
[Round "2"]
[White "Rumpel, Chris"]
[Black "Tang, Edward"]
[Result "0-1"]
[WhiteElo "1557"]
[BlackElo "1932"]
[PlyCount "74"]
[GameId "2160767911060963"]
[EventDate "2004.10.15"]
[EventType "swiss"]
[EventRounds "5"]
[EventCountry "CAN"]

1. Nf3 d6 2. g3 g6 3. Bg2 Bg7 4. d3 c5 5. c3 Nc6 6. e4 e5 7. Nbd2 Nge7 8. O-O O-O 9. Re1 h6 10. h3 Be6 11. Nb3 Qd7 12. Kh2 f5 13. Nfd2 f4 14. g4 g5 15. Nf3 c4 16. dxc4 Bxc4 17. Nfd2 Be6 18. f3 Ng6 19. Bf1 Qf7 20. Bd3 h5 21. Qe2 Nh4 22. Kg1 Bf6 23. Kf2 Kg7 24. Bc4 Rh8 25. Bxe6 Qxe6 26. Qc4 Qd7 27. Rh1 Rh6 28. Qd3 Rah8 29. Nc4 Bd8 30. Rd1 Bc7 31. Nc5 Qc8 32. Nb3 hxg4 33. hxg4 Nxf3 34. Bxf4 gxf4 35. Qxf3 Rh2+ 36. Ke1 R8h3 37. Nxd6 Bxd6 0-1

[Event "Thanksgiving op"]
[Site "Winnipeg CAN"]
[Date "2004.10.16"]
[Round "2"]
[White "Rutter, Blair"]
[Black "Vincent, Trevor"]
[Result "0-1"]
[WhiteElo "1662"]
[BlackElo "2023"]
[PlyCount "72"]
[GameId "2160767911060964"]
[EventDate "2004.10.15"]
[EventType "swiss"]
[EventRounds "5"]
[EventCountry "CAN"]
[SourceTitle "EXT 2006"]
[Source "ChessBase"]
[SourceDate "2005.11.24"]
[SourceVersion "1"]
[SourceVersionDate "2005.11.24"]
[SourceQuality "1"]

1. d4 f5 2. c4 Nf6 3. g3 g6 4. Bg2 Bg7 5. Nc3 O-O 6. Nf3 d6 7. O-O Nc6 8. d5 Ne5 9. Nd2 c5 10. f4 Nf7 11. Nf3 Rb8 12. Qc2 e5 13. fxe5 dxe5 14. e4 Nxe4 15. Nxe4 fxe4 16. Qxe4 Nd6 17. Qc2 Bf5 18. Qb3 b5 19. cxb5 c4 20. Qc3 Bd3 21. Rd1 Nf5 22. Qe1 e4 23. Ng5 Qxd5 24. Nxe4 Qd4+ 25. Kh1 Rfe8 26. Bf4 Rbd8 27. Rd2 Rxe4 28. Qxe4 Bxe4 29. Rxd4 Rxd4 30. Bxe4 Rxe4 31. Rd1 Bxb2 32. Rd8+ Kf7 33. Rd7+ Re7 34. Rd5 c3 35. Rc5 Nd4 36. a4 Ne6 0-1

[Event "Thanksgiving op"]
[Site "Winnipeg CAN"]
[Date "2004.10.16"]
[Round "2"]
[White "Silva, T Romero"]
[Black "Kaptsan, Aron"]
[Result "1-0"]
[WhiteElo "1621"]
[BlackElo "1909"]
[PlyCount "113"]
[GameId "2160767911060965"]
[EventDate "2004.10.15"]
[EventType "swiss"]
[EventRounds "5"]
[EventCountry "CAN"]
[SourceTitle "EXT 2006"]
[Source "ChessBase"]
[SourceDate "2005.11.24"]
[SourceVersion "1"]
[SourceVersionDate "2005.11.24"]
[SourceQuality "1"]

1. d4 d5 2. c4 e6 3. Nc3 Nf6 4. Bg5 c5 5. e3 cxd4 6. exd4 dxc4 7. Bxc4 Be7 8. Nf3 O-O 9. O-O Nc6 10. Qd2 Nb4 11. a3 Nbd5 12. Rfe1 Re8 13. Rad1 Nb6 14. Ba2 Nfd5 15. Bb1 Bxg5 16. Nxg5 g6 17. h4 Bd7 18. g3 Bc6 19. Be4 Qf6 20. Bg2 Rad8 21. Nce4 Qg7 22. Qc1 Ne7 23. Nf3 Nf5 24. Qc5 Rd5 25. Qb4 Red8 26. Nc3 R5d7 27. d5 Nxd5 28. Nxd5 Rxd5 29. Rxd5 Rxd5 30. Qf4 Qf8 31. g4 Nd6 32. Ne5 Rb5 33. Bxc6 bxc6 34. Nxc6 Ne8 35. b4 Rb7 36. Rd1 Rc7 37. b5 f6 38. Rd8 Rb7 39. a4 Qf7 40. Qc4 Rd7 41. Ra8 Kg7 42. Qc5 Nd6 43. Rxa7 Nc8 44. Ra8 Rd1+ 45. Kg2 Qd7 46. Ra7 Nxa7 47. Qxa7 Qxa7 48. Nxa7 Rd4 49. a5 Rxg4+ 50. Kh3 Ra4 51. Nc6 Ra3+ 52. Kg2 Kf7 53. b6 Rb3 54. b7 Rxb7 55. Nd8+ Ke7 56. Nxb7 Kd7 57. Nc5+ 1-0

[Event "Thanksgiving op"]
[Site "Winnipeg CAN"]
[Date "2004.10.16"]
[Round "2"]
[White "Zaczek, Jonathon"]
[Black "Lambruschini, Alex"]
[Result "1-0"]
[WhiteElo "1891"]
[BlackElo "1609"]
[PlyCount "51"]
[GameId "2160767911060966"]
[EventDate "2004.10.15"]
[EventType "swiss"]
[EventRounds "5"]
[EventCountry "CAN"]
[SourceTitle "EXT 2006"]
[Source "ChessBase"]
[SourceDate "2005.11.24"]
[SourceVersion "1"]
[SourceVersionDate "2005.11.24"]
[SourceQuality "1"]

1. e4 e6 2. d4 d5 3. Nc3 Nf6 4. e5 Nfd7 5. f4 Be7 6. Nf3 O-O 7. Be2 b6 8. O-O Ba6 9. Bxa6 Nxa6 10. Qe2 Qc8 11. Nd1 c5 12. c3 cxd4 13. cxd4 Nb4 14. Ne3 Nc6 15. Bd2 Qb7 16. Rfc1 Rac8 17. Rc2 f5 18. exf6 Nxf6 19. f5 exf5 20. Nxf5 Ne4 21. Ne3 Rxf3 22. Nxd5 Rf7 23. Qxe4 Bd6 24. Rac1 Rcf8 25. Rxc6 Qxc6 26. Ne7+ 1-0

[Event "Thanksgiving op"]
[Site "Winnipeg CAN"]
[Date "2004.10.16"]
[Round "3"]
[White "Booth, Kevin"]
[Black "Cheyne, Andrew"]
[Result "1/2-1/2"]
[WhiteElo "1335"]
[BlackElo "1118"]
[PlyCount "65"]
[GameId "2160767911060967"]
[EventDate "2004.10.15"]
[EventType "swiss"]
[EventRounds "5"]
[EventCountry "CAN"]

1. d4 d5 2. c4 Nf6 3. cxd5 Nxd5 4. e4 Nb6 5. Nf3 e6 6. Be2 Be7 7. Nc3 N8d7 8. O-O O-O 9. Bf4 a6 10. Qc2 Nf6 11. Nd1 Ne8 12. Rc1 Bd6 13. Bxd6 cxd6 14. Ne3 d5 15. exd5 Nxd5 16. Nxd5 Qxd5 17. Bc4 Qd7 18. Ng5 g6 19. Rfd1 Nc7 20. Qd2 b5 21. Bb3 Bb7 22. Rc3 Nd5 23. Bxd5 Qxd5 24. Nf3 Qxa2 25. Qh6 Bxf3 26. Rxf3 Qxb2 27. Rh3 Rfd8 28. Qxh7+ Kf8 29. Qh6+ Ke8 30. Qh8+ Ke7 31. Qh4+ Ke8 32. Qh8+ Ke7 33. Qh4+ 1/2-1/2

[Event "Thanksgiving op"]
[Site "Winnipeg CAN"]
[Date "2004.10.16"]
[Round "3"]
[White "Boron, Anthony"]
[Black "Tang, Edward"]
[Result "1/2-1/2"]
[WhiteElo "1920"]
[BlackElo "1941"]
[PlyCount "79"]
[GameId "2160767911060968"]
[EventDate "2004.10.15"]
[EventType "swiss"]
[EventRounds "5"]
[EventCountry "CAN"]
[SourceTitle "EXT 2006"]
[Source "ChessBase"]
[SourceDate "2005.11.24"]
[SourceVersion "1"]
[SourceVersionDate "2005.11.24"]
[SourceQuality "1"]

1. e4 c5 2. Nc3 Nc6 3. f4 g6 4. Nf3 Bg7 5. Bb5 Nd4 6. O-O Nxb5 7. Nxb5 d5 8. exd5 a6 9. Nc3 Nf6 10. Qe2 Nxd5 11. Nxd5 Qxd5 12. Re1 e6 13. a4 O-O 14. Ra3 b6 15. Qe4 Qxe4 16. Rxe4 Bb7 17. Re1 Bxf3 18. Rxf3 Rfd8 19. Kf2 Rd6 20. g3 c4 21. Ke2 Rc8 22. Ref1 Rcd8 23. Rd1 Rd5 24. d3 Rh5 25. h4 Rhd5 26. Re3 h5 27. c3 R8d7 28. Rd2 Rc7 29. Re4 cxd3+ 30. Rxd3 Rcd7 31. Rxd5 Rxd5 32. Rb4 b5 33. axb5 axb5 34. Be3 Bf8 35. Rd4 Rxd4 36. Bxd4 Bd6 37. Kf3 Kf8 38. Bf6 Ke8 39. Ke4 Kd7 40. b3 1/2-1/2

[Event "Thanksgiving op"]
[Site "Winnipeg CAN"]
[Date "2004.10.16"]
[Round "3"]
[White "Kaptsan, Aron"]
[Black "Gannon, Keith"]
[Result "1-0"]
[WhiteElo "1909"]
[BlackElo "1580"]
[PlyCount "101"]
[GameId "2160767911060969"]
[EventDate "2004.10.15"]
[EventType "swiss"]
[EventRounds "5"]
[EventCountry "CAN"]
[SourceTitle "EXT 2006"]
[Source "ChessBase"]
[SourceDate "2005.11.24"]
[SourceVersion "1"]
[SourceVersionDate "2005.11.24"]
[SourceQuality "1"]

1. d4 d5 2. c4 e6 3. Nc3 Nf6 4. Bg5 Be7 5. e3 c5 6. Nf3 O-O 7. Qc2 cxd4 8. exd4 dxc4 9. Bxc4 Nc6 10. Rd1 a6 11. a3 Bd7 12. Ba2 Re8 13. O-O b5 14. Bb1 g6 15. d5 exd5 16. Nxd5 Nxd5 17. Rxd5 Bxg5 18. Rfd1 Rc8 19. Rxg5 Nd4 20. Qd2 Nxf3+ 21. gxf3 Be6 22. Kg2 Qxd2 23. Rxd2 Rcd8 24. Rxd8 Rxd8 25. Rc5 Rd6 26. Be4 Kg7 27. b4 Kf6 28. f4 Bd7 29. Kf3 h5 30. Ke3 Be6 31. Rc6 Rxc6 32. Bxc6 Bc8 33. Ke4 Ke6 34. Bd5+ Kf6 35. Kd4 Ke7 36. Kc5 f6 37. Kc6 g5 38. fxg5 fxg5 39. Kc7 Bf5 40. Bb7 Bc2 41. Bxa6 Ba4 42. Kc6 g4 43. Bxb5 Bd1 44. a4 h4 45. a5 g3 46. fxg3 hxg3 47. hxg3 Kd8 48. Kb7 Bf3+ 49. Bc6 Bg4 50. a6 Bc8+ 51. Kb6 1-0

[Event "Thanksgiving op"]
[Site "Winnipeg CAN"]
[Date "2004.10.16"]
[Round "3"]
[White "Lambruschini, Alex"]
[Black "Liebzeit, Mick"]
[Result "0-1"]
[WhiteElo "1609"]
[BlackElo "1353"]
[PlyCount "72"]
[GameId "2160767911060970"]
[EventDate "2004.10.15"]
[EventType "swiss"]
[EventRounds "5"]
[EventCountry "CAN"]
[SourceTitle "EXT 2006"]
[Source "ChessBase"]
[SourceDate "2005.11.24"]
[SourceVersion "1"]
[SourceVersionDate "2005.11.24"]
[SourceQuality "1"]

1. e4 c5 2. Nf3 Nc6 3. Bc4 e6 4. O-O d5 5. exd5 exd5 6. Re1+ Be7 7. Bf1 Nf6 8. h3 O-O 9. d4 Bf5 10. c3 Rc8 11. Bg5 cxd4 12. Nxd4 Nxd4 13. cxd4 Re8 14. Nc3 Ne4 15. Bxe7 Rxe7 16. Nxe4 Bxe4 17. Bd3 f5 18. f4 Qb6 19. Bxe4 dxe4 20. Re2 Rd7 21. Rd2 Rcd8 22. Kf1 Rxd4 23. Rxd4 Rxd4 24. Qc2 Qb5+ 25. Ke1 Rc4 26. Qd2 Qb4 27. Ke2 Rd4 28. Qc1 Qb5+ 29. Kf2 Qd7 30. b3 Rd2+ 31. Ke1 Rxg2 32. Qc4+ Kh8 33. Kf1 Rd2 34. Ke1 Rh2 35. Qb4 Qd8 36. Qc3 Rh1+ 0-1

[Event "Thanksgiving op"]
[Site "Winnipeg CAN"]
[Date "2004.10.16"]
[Round "3"]
[White "Plocek, Jaroslav"]
[Black "Rutter, Blair"]
[Result "1-0"]
[WhiteElo "1525"]
[BlackElo "1662"]
[PlyCount "117"]
[GameId "2160767911060971"]
[EventDate "2004.10.15"]
[EventType "swiss"]
[EventRounds "5"]
[EventCountry "CAN"]
[SourceTitle "EXT 2006"]
[Source "ChessBase"]
[SourceDate "2005.11.24"]
[SourceVersion "1"]
[SourceVersionDate "2005.11.24"]
[SourceQuality "1"]

1. d4 f5 2. e3 Nf6 3. Nf3 e6 4. g3 Be7 5. Bg2 O-O 6. O-O Nc6 7. c4 d5 8. cxd5 Nxd5 9. a3 Bd6 10. Bd2 Nf6 11. Nc3 a6 12. Rc1 Rb8 13. Qc2 Bd7 14. Ng5 h6 15. Nf3 Ne7 16. Qb3 Qe8 17. Nh4 g5 18. Nf3 Ng6 19. Ne1 f4 20. Nd3 fxg3 21. fxg3 Ne7 22. e4 Nc6 23. Be3 Ng4 24. Rxf8+ Bxf8 25. Bd2 Nxd4 26. Qd1 e5 27. h3 Nf6 28. Qf1 Qe7 29. Ne2 Qd6 30. Bb4 Qb6 31. Nxd4 Qxd4+ 32. Kh2 Bg7 33. Bc3 Qb6 34. Nxe5 Bb5 35. Qf5 Rf8 36. Qg6 Be8 37. Qf5 Qd6 38. Nc4 Qe7 39. e5 Nd5 40. Bxd5+ Bf7 41. Be4 Bxc4 42. Qh7+ Kf7 43. e6+ Kxe6 44. Qg6+ Bf6 45. Qf5+ Kf7 46. Qg6+ Ke6 47. Bf5+ Kd5 48. Rd1+ Kc6 49. Be4+ Kb5 50. Re1 Qd6 51. Qf5+ Kb6 52. Ba5+ Ka7 53. Bb4 Qd8 54. Qf2+ c5 55. Bxc5+ b6 56. Bxf8 Qxf8 57. Rc1 Be6 58. Rc7+ Kb8 59. Qxb6# 1-0

[Event "Thanksgiving op"]
[Site "Winnipeg CAN"]
[Date "2004.10.16"]
[Round "3"]
[White "Rumpel, Chris"]
[Black "Gibbons, Lorne"]
[Result "1-0"]
[WhiteElo "1557"]
[BlackElo "1307"]
[PlyCount "53"]
[GameId "2160767911060972"]
[EventDate "2004.10.15"]
[EventType "swiss"]
[EventRounds "5"]
[EventCountry "CAN"]

1. Nf3 b6 2. g3 Bb7 3. Bg2 g6 4. O-O Bg7 5. d3 e6 6. Nbd2 Ne7 7. e4 d6 8. c3 Nd7 9. Re1 O-O 10. d4 c5 11. e5 dxe5 12. dxe5 Nc6 13. Nc4 Qc7 14. Bf4 b5 15. Nd6 h5 16. h4 Rad8 17. Nxb7 Qxb7 18. Qd2 Qc7 19. Rad1 Ne7 20. Bg5 Rfe8 21. Qe3 Nd5 22. Bxd8 Nxe3 23. Bxc7 Nxd1 24. Rxd1 Re7 25. Bd6 Re8 26. Re1 Nb6 27. Bxc5 1-0

[Event "Thanksgiving op"]
[Site "Winnipeg CAN"]
[Date "2004.10.16"]
[Round "3"]
[White "Silva, T Romero"]
[Black "Nikouline, Alexandre"]
[Result "0-1"]
[WhiteElo "1621"]
[BlackElo "2000"]
[PlyCount "60"]
[GameId "2160767911060973"]
[EventDate "2004.10.15"]
[EventType "swiss"]
[EventRounds "5"]
[EventCountry "CAN"]
[SourceTitle "EXT 2006"]
[Source "ChessBase"]
[SourceDate "2005.11.24"]
[SourceVersion "1"]
[SourceVersionDate "2005.11.24"]
[SourceQuality "1"]

1. e4 c5 2. Nf3 Nc6 3. d4 cxd4 4. Nxd4 Nf6 5. Nc3 e5 6. Nb3 Be7 7. Be3 O-O 8. f3 Bb4 9. a3 Bxc3+ 10. bxc3 d5 11. Bg5 dxe4 12. Qxd8 Rxd8 13. Bxf6 gxf6 14. fxe4 f5 15. exf5 Bxf5 16. Rc1 Rac8 17. Be2 Ne7 18. c4 Be6 19. Nd2 f5 20. Rb1 b6 21. h4 Nc6 22. Nf3 h6 23. Rb5 e4 24. Ne5 Nd4 25. Rb2 Rc5 26. Ng6 Bxc4 27. Bxc4+ Rxc4 28. O-O e3 29. Ne7+ Kh7 30. Rbb1 Ne2+ 0-1

[Event "Thanksgiving op"]
[Site "Winnipeg CAN"]
[Date "2004.10.16"]
[Round "3"]
[White "Vincent, Trevor"]
[Black "Zaczek, Jonathon"]
[Result "1/2-1/2"]
[WhiteElo "2023"]
[BlackElo "1891"]
[PlyCount "79"]
[GameId "2160767911060974"]
[EventDate "2004.10.15"]
[EventType "swiss"]
[EventRounds "5"]
[EventCountry "CAN"]
[SourceTitle "EXT 2006"]
[Source "ChessBase"]
[SourceDate "2005.11.24"]
[SourceVersion "1"]
[SourceVersionDate "2005.11.24"]
[SourceQuality "1"]

1. c4 Nf6 2. g3 g6 3. Bg2 Bg7 4. Nc3 c5 5. a3 Nc6 6. Rb1 a5 7. Nh3 d6 8. Nf4 e6 9. O-O O-O 10. d3 Ne8 11. Bd2 Bd7 12. Nb5 Na7 13. b4 Nxb5 14. cxb5 cxb4 15. axb4 a4 16. Bxb7 Bxb5 17. Bxa8 Qxa8 18. Qc2 d5 19. Qc5 Qa6 20. Rfc1 Nf6 21. Qc7 Ra8 22. Qa5 Qb7 23. Rc7 Qb8 24. Rc5 Bxd3 25. Rbc1 Bc4 26. Qc7 Qxc7 27. Rxc7 Ne4 28. Be3 a3 29. b5 a2 30. b6 Nd6 31. Ra7 Rb8 32. Nd3 Nc8 33. Rxa2 Bxa2 34. Bf4 e5 35. Nxe5 Nxb6 36. Nd7 Nxd7 37. Bxb8 Nxb8 38. Rc8+ Bf8 39. Rxb8 Kg7 40. e3 1/2-1/2

[Event "Thanksgiving op"]
[Site "Winnipeg CAN"]
[Date "2004.10.16"]
[Round "3"]
[White "Zhou, Lu"]
[Black "Anderson, George"]
[Result "1-0"]
[WhiteElo "1807"]
[BlackElo "1473"]
[PlyCount "109"]
[GameId "2160767911060975"]
[EventDate "2004.10.15"]
[EventType "swiss"]
[EventRounds "5"]
[EventCountry "CAN"]
[SourceTitle "EXT 2006"]
[Source "ChessBase"]
[SourceDate "2005.11.24"]
[SourceVersion "1"]
[SourceVersionDate "2005.11.24"]
[SourceQuality "1"]

1. e4 e6 2. d4 d5 3. Nc3 Bb4 4. e5 c5 5. a3 cxd4 6. axb4 dxc3 7. Nf3 cxb2 8. Bxb2 Nc6 9. b5 Nce7 10. Bd3 Nh6 11. O-O O-O 12. Ba3 Re8 13. Bc1 Nhf5 14. g4 Nh6 15. Bxh6 gxh6 16. g5 hxg5 17. Nxg5 Ng6 18. Qh5 Kf8 19. Qxh7 Qxg5+ 20. Kh1 Qh4 21. Bxg6 Qxh7 22. Bxh7 Bd7 23. Rab1 Ke7 24. f4 Rh8 25. Bd3 Rh4 26. Rf2 Rg8 27. Rg1 Rgg4 28. Rxg4 Rxg4 29. Be2 Rg7 30. Rf1 f6 31. Rg1 Rxg1+ 32. Kxg1 b6 33. Kg2 fxe5 34. fxe5 Kf7 35. Bd3 Kg7 36. Kg3 Be8 37. Kf4 Kh6 38. Kg4 Bh5+ 39. Kh4 Bf3 40. Kg3 Bh1 41. h4 Kh5 42. Be2+ Kh6 43. Bf3 Bxf3 44. Kxf3 Kh5 45. Kg3 d4 46. Kh3 Kg6 47. Kg4 Kh6 48. h5 Kh7 49. Kg5 Kg7 50. h6+ Kf7 51. Kh5 Kf8 52. Kg6 Kg8 53. h7+ Kh8 54. Kh6 d3 55. cxd3 1-0

[Event "Thanksgiving op"]
[Site "Winnipeg CAN"]
[Date "2004.10.17"]
[Round "4"]
[White "Anderson, George"]
[Black "Cheyne, Andrew"]
[Result "1-0"]
[WhiteElo "1399"]
[BlackElo "1118"]
[PlyCount "33"]
[GameId "2160767911060976"]
[EventDate "2004.10.15"]
[EventType "swiss"]
[EventRounds "5"]
[EventCountry "CAN"]

1. e4 c5 2. b4 cxb4 3. d4 e6 4. Bd3 d5 5. e5 Nc6 6. Ne2 Nge7 7. O-O Ng6 8. Qe1 Be7 9. f4 a5 10. Nd2 Nxf4 11. Rxf4 Bg5 12. Rg4 Be3+ 13. Kh1 O-O 14. Qg3 Bh6 15. Nf3 Bxc1 16. Rxg7+ Kh8 17. Rxh7# 1-0

[Event "Thanksgiving op"]
[Site "Winnipeg CAN"]
[Date "2004.10.17"]
[Round "4"]
[White "Liebzeit, Mick"]
[Black "Kaptsan, Aron"]
[Result "0-1"]
[WhiteElo "1353"]
[BlackElo "1909"]
[PlyCount "54"]
[GameId "2160767911060977"]
[EventDate "2004.10.15"]
[EventType "swiss"]
[EventRounds "5"]
[EventCountry "CAN"]
[SourceTitle "EXT 2006"]
[Source "ChessBase"]
[SourceDate "2005.11.24"]
[SourceVersion "1"]
[SourceVersionDate "2005.11.24"]
[SourceQuality "1"]

1. e4 c5 2. Nf3 d6 3. d4 cxd4 4. Nxd4 Nf6 5. Nc3 g6 6. Be3 Bg7 7. f3 a6 8. Qd2 h5 9. Bc4 b5 10. Bb3 Bb7 11. a3 Nbd7 12. Nd5 Nxd5 13. Bxd5 Bxd5 14. exd5 Rc8 15. Nc6 Qc7 16. O-O Nb6 17. Bxb6 Qxb6+ 18. Kh1 Bxb2 19. Rae1 Bf6 20. Qf4 O-O 21. g4 hxg4 22. fxg4 Rxc6 23. dxc6 Qxc6+ 24. Kg1 Qxc2 25. Rf2 Qc5 26. Kg2 Bh4 27. Rc1 Qxf2+ 0-1

[Event "Thanksgiving op"]
[Site "Winnipeg CAN"]
[Date "2004.10.17"]
[Round "4"]
[White "Nikouline, Alexandre"]
[Black "Vincent, Trevor"]
[Result "1-0"]
[WhiteElo "2000"]
[BlackElo "2023"]
[PlyCount "37"]
[GameId "2160767911060978"]
[EventDate "2004.10.15"]
[EventType "swiss"]
[EventRounds "5"]
[EventCountry "CAN"]
[SourceTitle "EXT 2006"]
[Source "ChessBase"]
[SourceDate "2005.11.24"]
[SourceVersion "1"]
[SourceVersionDate "2005.11.24"]
[SourceQuality "1"]

1. e4 c5 2. Nf3 Nc6 3. d4 cxd4 4. Nxd4 g6 5. Nc3 Bg7 6. Be3 Nf6 7. Bc4 O-O 8. O-O Nxe4 9. Bxf7+ Rxf7 10. Nxe4 Rf8 11. c3 Ne5 12. Qb3+ Kh8 13. Rad1 b6 14. f4 Ng4 15. Ne6 Qe8 16. Nxg7 Kxg7 17. Bd4+ Nf6 18. g4 Bb7 19. Rfe1 1-0

[Event "Thanksgiving op"]
[Site "Winnipeg CAN"]
[Date "2004.10.17"]
[Round "4"]
[White "Plocek, Jaroslav"]
[Black "Zhou, Lu"]
[Result "0-1"]
[WhiteElo "1525"]
[BlackElo "1807"]
[PlyCount "46"]
[GameId "2160767911060979"]
[EventDate "2004.10.15"]
[EventType "swiss"]
[EventRounds "5"]
[EventCountry "CAN"]
[SourceTitle "EXT 2006"]
[Source "ChessBase"]
[SourceDate "2005.11.24"]
[SourceVersion "1"]
[SourceVersionDate "2005.11.24"]
[SourceQuality "1"]

1. d4 d5 2. Nf3 Nf6 3. g3 Bg4 4. Bg2 e6 5. O-O Nbd7 6. Nbd2 c6 7. a3 a5 8. c4 Bd6 9. Qc2 Bf5 10. Qb3 Rb8 11. Re1 O-O 12. Nh4 Bg6 13. Nxg6 hxg6 14. Nf3 Ne4 15. Nd2 f5 16. f3 Nxg3 17. hxg3 Bxg3 18. Rd1 Qh4 19. Qe3 Kf7 20. c5 f4 21. Qc3 Rh8 22. Nb1 Bf2+ 23. Kf1 Qg3 0-1

[Event "Thanksgiving op"]
[Site "Winnipeg CAN"]
[Date "2004.10.17"]
[Round "4"]
[White "Rutter, Blair"]
[Black "Lambruschini, Alex"]
[Result "1/2-1/2"]
[WhiteElo "1662"]
[BlackElo "1609"]
[PlyCount "65"]
[GameId "2160767911060980"]
[EventDate "2004.10.15"]
[EventType "swiss"]
[EventRounds "5"]
[EventCountry "CAN"]
[SourceTitle "EXT 2006"]
[Source "ChessBase"]
[SourceDate "2005.11.24"]
[SourceVersion "1"]
[SourceVersionDate "2005.11.24"]
[SourceQuality "1"]

1. c4 Nf6 2. g3 e6 3. Bg2 d5 4. cxd5 exd5 5. d4 Bd6 6. Nc3 c6 7. Nf3 Bg4 8. O-O O-O 9. Bg5 Re8 10. Re1 Nbd7 11. e4 dxe4 12. Nxe4 Be7 13. Nxf6+ Nxf6 14. Qd3 h6 15. Be3 Nd5 16. Ne5 Be6 17. a3 Nxe3 18. fxe3 Qd6 19. Rad1 Rad8 20. Rd2 Bf6 21. Nc4 Qd7 22. b4 Bf5 23. Qf1 Qe6 24. Rf2 Bg6 25. Na5 Bxd4 26. Rfe2 Bd3 27. exd4 Bxe2 28. Qf2 Qe3 29. Nxb7 Qxf2+ 30. Kxf2 Bb5 31. Nxd8 Rxd8 32. Rd1 Kf8 33. Bf1 1/2-1/2

[Event "Thanksgiving op"]
[Site "Winnipeg CAN"]
[Date "2004.10.17"]
[Round "4"]
[White "Tang, Edward"]
[Black "Silva, T Romero"]
[Result "1-0"]
[WhiteElo "1941"]
[BlackElo "1621"]
[PlyCount "113"]
[GameId "2160767911060981"]
[EventDate "2004.10.15"]
[EventType "swiss"]
[EventRounds "5"]
[EventCountry "CAN"]
[SourceTitle "EXT 2006"]
[Source "ChessBase"]
[SourceDate "2005.11.24"]
[SourceVersion "1"]
[SourceVersionDate "2005.11.24"]
[SourceQuality "1"]

1. e4 e5 2. Nf3 Nf6 3. Nxe5 d6 4. Nf3 Nxe4 5. c4 Be7 6. Be2 Bg4 7. O-O O-O 8. h3 Bh5 9. d3 Ng5 10. d4 Bf6 11. Nxg5 Bxe2 12. Qxe2 Bxg5 13. Nc3 Nc6 14. Be3 Re8 15. Qd2 Be7 16. Nd5 Bf8 17. Rfe1 Qd7 18. Bg5 Rec8 19. Qf4 a6 20. Re3 f5 21. Rae1 Qf7 22. b3 h6 23. Be7 g5 24. Bxg5 hxg5 25. Qxg5+ Bg7 26. Ne7+ Nxe7 27. Rxe7 Qf6 28. Qh5 Rf8 29. R1e6 Qxd4 30. Rxc7 Rac8 31. Rxb7 Rb8 32. Rbe7 Qa1+ 33. Kh2 Qd4 34. Rg6 Rbe8 35. Rgxg7+ Qxg7 36. Rxe8 Qf6 37. Qe2 Qg6 38. Qe6+ Qxe6 39. Rxe6 Rd8 40. Rf6 d5 41. cxd5 Rxd5 42. Rxa6 Kg7 43. a4 f4 44. h4 f3 45. gxf3 Rd3 46. b4 Rxf3 47. b5 Rxf2+ 48. Kg3 Rb2 49. b6 Kf7 50. a5 Ke8 51. Ra7 Kd8 52. b7 Kc7 53. a6 Rb3+ 54. Kf2 Rb2+ 55. Ke3 Rb3+ 56. Kd2 Rb4 57. Ra8 1-0

[Event "Thanksgiving op"]
[Site "Winnipeg CAN"]
[Date "2004.10.17"]
[Round "4"]
[White "Zaczek, Jonathon"]
[Black "Boron, Anthony"]
[Result "1-0"]
[WhiteElo "1891"]
[BlackElo "1920"]
[PlyCount "81"]
[GameId "2160767911060983"]
[EventDate "2004.10.15"]
[EventType "swiss"]
[EventRounds "5"]
[EventCountry "CAN"]
[SourceTitle "EXT 2006"]
[Source "ChessBase"]
[SourceDate "2005.11.24"]
[SourceVersion "1"]
[SourceVersionDate "2005.11.24"]
[SourceQuality "1"]

1. e4 c5 2. Nf3 Nc6 3. d4 cxd4 4. Nxd4 Nf6 5. Nc3 e6 6. Ndb5 Bb4 7. Bg5 h6 8. Bxf6 Qxf6 9. a3 Bxc3+ 10. Nxc3 a6 11. Be2 O-O 12. O-O Rd8 13. Qd6 b5 14. Rad1 Qe5 15. f4 Qxd6 16. Rxd6 Kf8 17. Rfd1 Ke7 18. e5 Bb7 19. Ne4 Na5 20. Nc5 Bc6 21. b4 Nb7 22. Rxc6 dxc6 23. Nxb7 Rxd1+ 24. Bxd1 Rb8 25. Nc5 Rd8 26. Bf3 Rd2 27. Be4 Rd1+ 28. Kf2 Ra1 29. Nxa6 Rxa3 30. Nc5 Ra2 31. Ke3 f5 32. Bd3 Rb2 33. Nb3 Kd7 34. Kd4 Rb1 35. Be2 g5 36. fxg5 hxg5 37. h3 Re1 38. Bf3 g4 39. hxg4 fxg4 40. Bxg4 Rc1 41. Nxc1 1-0